| 000 | 00463nam a2200181Ia 4500 | ||
|---|---|---|---|
| 005 | 20250423101411.0 | ||
| 008 | 250422s9999 xx 000 0 und d | ||
| 020 | _a0-19-423012-0 | ||
| 050 | _aPZ 7 .H67 P75/ | ||
| 100 | _aHope, Anthony | ||
| 245 | 4 | _aThe Prisoner of Zenda | |
| 260 | _aOxford | ||
| 260 | _bOxford University Press | ||
| 260 | _c2000 | ||
| 300 | _a72 p | ||
| 650 | _aEnglish language -- Study and teaching Readers - Level 3 | ||
| 942 | _cBK | ||
| 999 |
_c36198 _d36198 |
||